Mathmatics for life : (Record no. 37801)

MARC details
000 -LEADER
fixed length control field 00715nam a22001937a 4500
005 - DATE AND TIME OF LATEST TRANSACTION
control field 2010072608098.0
010 ## - LCCN (DPL NO)
LC control number ENG-96933
020 ## - INTERNATIONAL STANDARD BOOK NUMBER
Terms of availability 100.00
035 ## - SYSTEM CONTROL NUMBER
System control number EN-80466
037 ## - SOURCE OF ACQUISITION
Source of stock number/acquisition DBAD/PUB
082 ## - DEWEY DECIMAL CLASSIFICATION NUMBER
Classification number 510.19
100 ## - MAIN ENTRY--PERSONAL NAME
Personal name Immaculate, M.
245 ## - TITLE STATEMENT
Title Mathmatics for life :
Remainder of title basic applied mathematics /
Statement of responsibility, etc by M. Immaculate
260 ## - PUBLICATION, DISTRIBUTION, ETC. (IMPRINT)
Place of publication, distribution, etc Nagercoil
Name of publisher, distributor, etc M. Immaculate
Date of publication, distribution, etc 2009
270 ## - ADDRESS
Address S.G. Lecturer Maths Department, Holy Cross College (Autonomus) Kurusady,
City Nagercoil
Postal code 629004
300 ## - PHYSICAL DESCRIPTION
Extent x, 333 p.
Dimensions 22cm (Pbk)
942 ## - ADDED ENTRY ELEMENTS (KOHA)
Source of classification or shelving scheme Dewey Decimal Classification
Item type English Books
Classification part 510.19
Call number suffix IMM
Holdings
Withdrawn status Lost status Not for loan Collection code Home library Current library Date acquired Cost, normal purchase price Full call number Barcode Copy number Cost, replacement price Koha item type
    Not For Loan Non-fiction D.B.Act.Division D.B.Act.Division 26/07/2010 100.00 510.19 IMM EN-80466 1 100.00 English Books

© Delhi Public Library
Hit Counter
free hit counter